000 00872nam a22002777a 4500
003 OSt
005 20230719144202.0
008 221006b |||||||| |||| 00| 0 eng d
040 _cBiblioteca Lado V
082 _a709
_bG643q
100 _9904
_aGonzalez Kreysa, Ana Mercedes
_eeditor
245 _aQuadrivium/
260 _c2001
_bUniversidad de Costa Rica
_aCosta Rica
300 _c22x28cm
_a14p.
490 _a4
505 _aPresentacion
505 _aArtesis
505 _aTrama y Urdimbre
505 _aEmsamble
650 _2Tesauro de Arte & Arquitectura
_aARTE
650 _2Tesauro de Arte & Arquitectura
_aHISTORIA DEL ARTE
_9702
650 _2Tesauro de Arte & Arquitectura
_aCULTURA
_9702
651 _2Tesauro de Arte & Arquitectura
_aCOSTA RICA
710 _aFundación LA LLAMA
_eeditor
942 _2ddc
_c1
_h709
_iG643q
_n0
999 _c4076
_d4076